|
|
|
|
| LEADER |
00000nam#a2200000#a#4500 |
| 001 |
009893 |
| 005 |
20160721145305.0 |
| 008 |
031017s2001####xxu#################eng#d |
| 040 |
|
|
|a AR-beUNQ
|
| 099 |
|
|
|a 10-C74
|
| 100 |
1 |
|
|a Castro, Claudio de Moura
|
| 245 |
0 |
0 |
|a Community colleges : lessons for Latin America?
|c Claudio de Moura Castro ; Andrés Bernasconi ; Aimee Verdisco.
|
| 260 |
|
|
|a Washington, DC :
|b Inter-American Development Bank,
|c 2001
|
| 300 |
|
|
|a 22 p
|
| 490 |
0 |
|
|a Sustainable Development Department Technical Papers Series
|v EDU-118
|
| 650 |
|
7 |
|a CENTROS DOCENTES
|2 Spines
|
| 650 |
|
7 |
|a ENSEÑANZA SUPERIOR
|2 Spines
|
| 650 |
|
7 |
|a CENTROS DE ENSEÑANZA SUPERIOR
|2 Spines
|
| 651 |
|
7 |
|a AMERICA LATINA
|2 toit
|
| 700 |
1 |
|
|a Bernasconi, Andrés
|
| 700 |
1 |
|
|a Verdisco, Aimee
|
| 929 |
|
|
|a COMPRA
|b Mario Greco
|d 10,00E
|e 20031001
|f patrimonio
|j 35104
|
| 942 |
|
|
|c LIB
|n 0
|
| 999 |
|
|
|c 12320
|d 87707
|